Countries Closest to South Korea A-Z - Statistics

General Stats
  • This quiz has been taken 255 times
    229 since last reset
  • The average score is 18 of 24
Answer Stats
Letter Answer % Correct
C China
95%
J Japan
95%
N North Korea
95%
R Russia
94%
V Vietnam
87%
M Mongolia
86%
I Indonesia
85%
L Laos
85%
T Taiwan
82%
Q Qatar
80%
Y Yemen
80%
O Oman
79%
Z Zambia
77%
B Bhutan
72%
P Philippines
72%
S Singapore
70%
U Uzbekistan
66%
A Afghanistan
65%
D Denmark
60%
F Fiji
59%
H Hungary
55%
K Kyrgyzstan
49%
G Georgia
48%
E Estonia
47%
No matching quizzes found
Score Distribution
Percent of People with Each Score
Percentile by Number Answered
Your Score History
You have not taken this quiz since the last reset